Normal view
MARC view
- Kyle, Diana.J,Vernoy, Mark
Entry Personal Name
001 - CONTROL NUMBER
- control field: 60735
003 - CONTROL NUMBER IDENTIFIER
- control field: NUST
005 - DATE AND TIME OF LATEST TRANSACTION
- control field: 20210628202619.0
008 - FIXED-LENGTH DATA ELEMENTS
- fixed length control field: 210628|| aca||aabn | a|a d
040 ## - CATALOGING SOURCE
- Original cataloging agency: NUST
- Transcribing agency: NUST
100 ## - HEADING--PERSONAL NAME
- Personal name: Kyle, Diana.J,Vernoy, Mark
670 ## - SOURCE DATA FOUND
- Source citation: Work cat.: (NUST): Kyle, Diana.J,Vernoy, Mark, Behavioral statistics in action, 2001
